Statistics for Canadian Demonyms

Click here to take the quiz!

General Stats

  • This quiz has been taken 161 times
  • The average score is 10 of 13

Answer Stats

Province/TerritoryDemonym% Correct
AlbertaAlbertan
99%
British ColumbiaBritish Columbian
99%
ManitobaManitoban
99%
Nova ScotiaNova Scotian
96%
OntarioOntarian
90%
QuébecQuébécois
85%
Newfoundland and LabradorNewfoundlander, Labradorian
83%
Prince Edward IslandPrince Edward Islander
79%
New BrunswickNew Brunswicker
71%
SaskatchewanSaskatchewanian
65%
YukonYukoner
62%
Northwest TerritoriesNorthwest Territorian
49%
NunavutNunavummiuq
13%

Score Distribution

Percentile by Number Answered

Percent of People with Each Score

Your Score History

You have not taken this quiz